Normal view MARC view

Entry Topical Term

Number of records used in: 2

001 - CONTROL NUMBER

  • control field: 66907

003 - CONTROL NUMBER IDENTIFIER

  • control field: dpl

005 - DATE AND TIME OF LATEST TRANSACTION

  • control field: 20240527114316.0

008 - FIXED-LENGTH DATA ELEMENTS

  • fixed length control field: 240527|| aca||aabn | a|a d

040 ## - CATALOGING SOURCE

  • Original cataloging agency: dpl
  • Transcribing agency: dpl

150 ## - HEADING--TOPICAL TERM

  • Topical term or geographic name as entry element: हिन्दी

670 ## - SOURCE DATA FOUND

  • Source citation: Work cat.: (dpl)203052: मिश्र, कलराज 66906, सविंधान, संस्कृति और राष्ट्र/, 2021

© Delhi Public Library
Hit Counter
free hit counter